[Event "European Women's Championship"]
[Site "Vysoke Tatry"]
[Date "2018.04.12"]
[Round "5"]
[White "Stetsko, Lanita"]
[Black "Rodshtein, Tereza"]
[Result "1/2-1/2"]
[Board "54"]
[WhiteElo "2164"]
[WhiteTitle "FM"]
[WhiteCountry "BLR"]
[WhiteFideId "13505300"]
[WhiteEloChange "2"]
[BlackElo "2226"]
[BlackTitle "WGM"]
[BlackCountry "CZE"]
[BlackFideId "325449"]
[BlackEloChange "-2"]

1. e4 {[%clk 1:30:54]} e5 {[%clk 1:30:48]} 2. Nf3 {[%clk 1:31:17]} Nc6 {[%clk
1:30:39]} 3. Bb5 {[%clk 1:31:29]} a6 {[%clk 1:29:59]} 4. Ba4 {[%clk 1:31:51]} Nf6
{[%clk 1:30:22]} 5. d3 {[%clk 1:32:00]} b5 {[%clk 1:23:52]} 6. Bb3 {[%clk
1:32:18]} Be7 {[%clk 1:24:14]} 7. O-O {[%clk 1:31:06]} O-O {[%clk 1:23:52]} 8. a4
{[%clk 1:29:24]} b4 {[%clk 1:17:58]} 9. a5 {[%clk 1:27:46]} d6 {[%clk 1:14:42]}
10. Nbd2 {[%clk 1:21:19]} Be6 {[%clk 1:08:09]} 11. Bxe6 {[%clk 1:08:38]} fxe6
{[%clk 1:08:36]} 12. c3 {[%clk 1:08:35]} Rb8 {[%clk 1:05:38]} 13. Nc4 {[%clk
1:02:07]} h6 {[%clk 0:59:00]} 14. Bd2 {[%clk 0:59:36]} Qe8 {[%clk 0:53:08]} 15.
Qa4 {[%clk 0:44:22]} b3 {[%clk 0:44:50]} 16. Be3 {[%clk 0:41:43]} Ng4 {[%clk
0:43:54]} 17. h3 {[%clk 0:39:05]} Nxe3 {[%clk 0:42:41]} 18. Nxe3 {[%clk 0:37:49]}
Rb5 {[%clk 0:34:43]} 19. Qc4 {[%clk 0:35:15]} Qd7 {[%clk 0:31:24]} 20. d4 {[%clk
0:33:55]} d5 {[%clk 0:29:43]} 21. exd5 {[%clk 0:33:18]} exd5 {[%clk 0:29:43]} 22.
Qe2 {[%clk 0:33:41]} e4 {[%clk 0:29:12]} 23. Nd2 {[%clk 0:32:06]} Bg5 {[%clk
0:26:45]} 24. f3 {[%clk 0:29:09]} exf3 {[%clk 0:21:20]} 25. Nxf3 {[%clk 0:29:06]}
Bf4 {[%clk 0:21:38]} 26. Ng4 {[%clk 0:28:08]} Re8 {[%clk 0:20:08]} 27. Qd3 {[%clk
0:27:50]} h5 {[%clk 0:18:34]} 28. Nf6+ {[%clk 0:27:15]} gxf6 {[%clk 0:19:02]} 29.
Qg6+ {[%clk 0:27:40]} Kf8 {[%clk 0:17:52]} 30. Qxf6+ {[%clk 0:27:44]} Qf7 {[%clk
0:18:17]} 31. Qxc6 {[%clk 0:27:06]} Re6 {[%clk 0:17:20]} 32. Qa8+ {[%clk
0:26:29]} Qe8 {[%clk 0:17:48]} 33. Qa7 {[%clk 0:24:11]} Kg8 {[%clk 0:17:03]} 34.
Rae1 {[%clk 0:21:45]} Rxa5 {[%clk 0:15:45]} 35. Rxe6 {[%clk 0:20:20]} Qxe6 {[%clk
0:16:14]} 36. Qb8+ {[%clk 0:20:31]} Kg7 {[%clk 0:15:46]} 37. Ne5 {[%clk 0:19:27]}
Bxe5 {[%clk 0:13:05]} 38. Qf8+ {[%clk 0:18:56]} Kg6 {[%clk 0:13:17]} 39. dxe5
{[%clk 0:18:54]} Qxe5 {[%clk 0:13:30]} 40. h4 {[%clk 0:35:50]} Qe6 {[%clk
0:40:58]} 41. Qf4 {[%clk 0:22:40]} d4 {[%clk 0:36:58]} 42. Rf3 {[%clk 0:20:22]}
Rf5 {[%clk 0:31:35]} 43. Rg3+ {[%clk 0:20:09]} Kh7 {[%clk 0:30:50]} 44. Qxc7+
{[%clk 0:20:06]} Rf7 {[%clk 0:30:58]} 45. Qc5 {[%clk 0:19:36]} Rg7 {[%clk
0:20:02]} 46. Rxg7+ {[%clk 0:15:50]} Kxg7 {[%clk 0:20:31]} 47. Qxd4+ {[%clk
0:16:08]} Kg6 {[%clk 0:17:55]} 48. c4 {[%clk 0:13:14]} a5 {[%clk 0:17:16]} 49.
Qd3+ {[%clk 0:11:44]} Kh6 {[%clk 0:16:19]} 50. Qd2+ {[%clk 0:11:17]} Kh7 {[%clk
0:16:24]} 51. Qd3+ {[%clk 0:08:53]} Kh6 {[%clk 0:16:32]} 52. Qd2+ {[%clk
0:03:51]} Kh7 {[%clk 0:17:00]} 53. Qg5 {[%clk 0:01:46]} Qxc4 {[%clk 0:16:41]} 54.
Qxh5+ {[%clk 0:02:13]} Kg7 {[%clk 0:16:58]} 55. Qe5+ {[%clk 0:02:08]} Kh6 {[%clk
0:16:32]} 56. Qf6+ {[%clk 0:01:57]} Kh7 {[%clk 0:16:57]} 57. Qf5+ {[%clk
0:01:39]} Kh6 {[%clk 0:16:44]} 58. Qg5+ {[%clk 0:01:16]} Kh7 {[%clk 0:17:13]} 59.
Qh5+ {[%clk 0:01:40]} Kg7 {[%clk 0:17:14]} 60. Qe5+ {[%clk 0:01:56]} Kh6 {[%clk
0:17:35]} 61. Qh8+ {[%clk 0:01:03]} Kg6 {[%clk 0:17:59]} 62. h5+ {[%clk 0:01:08]}
Kg5 {[%clk 0:16:36]} 63. Qe5+ {[%clk 0:01:08]} Kh6 {[%clk 0:16:30]} 64. Qf6+
{[%clk 0:00:39]} Kxh5 {[%clk 0:16:29]} 65. Qf5+ {[%clk 0:01:08]} Kh6 {[%clk
0:16:36]} 66. Qf6+ {[%clk 0:01:27]} Kh7 {[%clk 0:16:23]} 67. Qf5+ {[%clk
0:01:22]} Kh6 {[%clk 0:16:01]} 68. Qf6+ {[%clk 0:01:49]} Kh7 {[%clk 0:16:26]} 69.
Qf5+ {[%clk 0:02:10]} 1/2-1/2

[Event "European Women's Championship"]
[Site "Vysoke Tatry"]
[Date "2018.04.12"]
[Round "5"]
[White "Gevorgyan, Maria"]
[Black "Froewis, Annika"]
[Result "1-0"]
[Board "55"]
[WhiteElo "2226"]
[WhiteTitle "WIM"]
[WhiteCountry "ARM"]
[WhiteFideId "13300270"]
[WhiteEloChange "7"]
[BlackElo "2113"]
[BlackTitle "WFM"]
[BlackCountry "AUT"]
[BlackFideId "1621432"]
[BlackEloChange "-7"]

1. e4 {[%clk 1:30:58]} e6 {[%clk 1:30:54]} 2. d4 {[%clk 1:30:34]} d5 {[%clk
1:31:13]} 3. Nc3 {[%clk 1:29:55]} Nf6 {[%clk 1:31:09]} 4. Bg5 {[%clk 1:29:23]}
dxe4 {[%clk 1:31:09]} 5. Nxe4 {[%clk 1:29:48]} Be7 {[%clk 1:31:30]} 6. Bxf6
{[%clk 1:30:13]} gxf6 {[%clk 1:31:46]} 7. Nc3 {[%clk 1:30:39]} a6 {[%clk
1:25:45]} 8. g3 {[%clk 1:30:54]} b5 {[%clk 1:22:28]} 9. Bg2 {[%clk 1:31:15]} Ra7
{[%clk 1:22:42]} 10. a4 {[%clk 1:15:39]} b4 {[%clk 1:20:12]} 11. Nce2 {[%clk
1:15:21]} O-O {[%clk 1:12:16]} 12. Qd2 {[%clk 1:11:06]} c5 {[%clk 1:07:33]} 13.
Qf4 {[%clk 1:06:24]} Bb7 {[%clk 1:02:22]} 14. Nf3 {[%clk 1:01:43]} Nd7 {[%clk
0:54:52]} 15. Rd1 {[%clk 0:59:14]} Qb8 {[%clk 0:51:46]} 16. Qh6 {[%clk 0:57:50]}
Rd8 {[%clk 0:45:16]} 17. O-O {[%clk 0:49:02]} Qc7 {[%clk 0:27:33]} 18. Qh5 {[%clk
0:44:16]} Bf8 {[%clk 0:25:46]} 19. Rfe1 {[%clk 0:39:49]} Bg7 {[%clk 0:21:59]} 20.
dxc5 {[%clk 0:36:15]} Rc8 {[%clk 0:20:00]} 21. Qg4 {[%clk 0:31:12]} Bxf3 {[%clk
0:18:31]} 22. Qxf3 {[%clk 0:30:28]} Nxc5 {[%clk 0:18:03]} 23. Rd4 {[%clk
0:28:46]} a5 {[%clk 0:16:44]} 24. Rc4 {[%clk 0:26:48]} Qe5 {[%clk 0:15:41]} 25.
b3 {[%clk 0:20:36]} Rac7 {[%clk 0:14:14]} 26. Kf1 {[%clk 0:20:37]} f5 {[%clk
0:12:43]} 27. Nf4 {[%clk 0:17:15]} Ne4 {[%clk 0:12:09]} 28. Qd3 {[%clk 0:16:26]}
Rxc4 {[%clk 0:12:10]} 29. bxc4 {[%clk 0:16:54]} Qc3 {[%clk 0:09:27]} 30. Bxe4
{[%clk 0:15:11]} fxe4 {[%clk 0:09:53]} 31. Rxe4 {[%clk 0:13:07]} Qxd3+ {[%clk
0:09:05]} 32. Nxd3 {[%clk 0:13:36]} Kf8 {[%clk 0:06:01]} 33. Nc1 {[%clk 0:10:35]}
f5 {[%clk 0:06:19]} 34. Rxe6 {[%clk 0:10:54]} Rxc4 {[%clk 0:06:33]} 35. Re2
{[%clk 0:11:23]} b3 {[%clk 0:04:17]} 36. Nxb3 {[%clk 0:10:34]} Rxa4 {[%clk
0:04:45]} 37. Rd2 {[%clk 0:10:34]} f4 {[%clk 0:03:29]} 38. Rd5 {[%clk 0:08:47]}
fxg3 {[%clk 0:03:10]} 39. hxg3 {[%clk 0:08:36]} Ra2 {[%clk 0:03:25]} 40. Rxa5
{[%clk 0:37:29]} Rxc2 {[%clk 0:33:34]} 41. Nc5 {[%clk 0:37:40]} Kf7 {[%clk
0:31:30]} 42. Ra7+ {[%clk 0:34:18]} Kg6 {[%clk 0:22:39]} 43. Ne6 {[%clk 0:29:26]}
Bh6 {[%clk 0:09:28]} 44. Nd4 {[%clk 0:27:40]} Rc1+ {[%clk 0:09:14]} 45. Kg2
{[%clk 0:24:38]} Bf8 {[%clk 0:09:19]} 46. Ne2 {[%clk 0:22:46]} Rc2 {[%clk
0:09:13]} 47. Nf4+ {[%clk 0:23:10]} Kh6 {[%clk 0:09:09]} 48. Ra6+ {[%clk
0:23:34]} Kg7 {[%clk 0:09:00]} 49. Ne6+ {[%clk 0:19:53]} Kf7 {[%clk 0:09:25]} 50.
Ng5+ {[%clk 0:19:02]} Kg7 {[%clk 0:09:02]} 51. Ne4 {[%clk 0:18:59]} h6 {[%clk
0:08:44]} 52. g4 {[%clk 0:18:55]} Be7 {[%clk 0:07:53]} 53. Ra7 {[%clk 0:16:47]}
Kf8 {[%clk 0:08:10]} 54. Kg3 {[%clk 0:16:19]} Rb2 {[%clk 0:07:40]} 55. Kf4 {[%clk
0:13:20]} Rb5 {[%clk 0:07:08]} 56. f3 {[%clk 0:11:05]} Rd5 {[%clk 0:05:50]} 57.
Ra6 {[%clk 0:08:09]} Kg7 {[%clk 0:05:55]} 58. Ng3 {[%clk 0:08:34]} Bg5+ {[%clk
0:05:22]} 59. Ke4 {[%clk 0:09:03]} Rb5 {[%clk 0:05:17]} 60. Ra4 {[%clk 0:08:32]}
Kf7 {[%clk 0:05:12]} 61. f4 {[%clk 0:08:53]} Bd8 {[%clk 0:05:07]} 62. Nf5 {[%clk
0:09:05]} Rb6 {[%clk 0:05:21]} 63. Kd5 {[%clk 0:06:22]} Ke8 {[%clk 0:03:34]} 64.
Ra7 {[%clk 0:05:44]} Bf6 {[%clk 0:02:49]} 65. Nd6+ {[%clk 0:05:55]} Kd8 {[%clk
0:02:50]} 66. Ke6 {[%clk 0:06:19]} Bd4 {[%clk 0:02:10]} 67. Rd7# {[%clk 0:06:44]}
1-0

[Event "European Women's Championship"]
[Site "Vysoke Tatry"]
[Date "2018.04.12"]
[Round "5"]
[White "Huda, Maryana"]
[Black "Semenova, Elena"]
[Result "1/2-1/2"]
[Board "56"]
[WhiteElo "2161"]
[WhiteTitle "WGM"]
[WhiteCountry "UKR"]
[WhiteFideId "14116553"]
[WhiteEloChange "2"]
[BlackElo "2221"]
[BlackTitle "WIM"]
[BlackCountry "RUS"]
[BlackFideId "24125148"]
[BlackEloChange "-2"]

1. b3 {[%clk 1:30:58]} e5 {[%clk 1:29:53]} 2. Bb2 {[%clk 1:31:23]} Nc6 {[%clk
1:29:50]} 3. e3 {[%clk 1:31:24]} g6 {[%clk 1:25:29]} 4. f4 {[%clk 1:29:55]} Bg7
{[%clk 1:23:12]} 5. Nf3 {[%clk 1:30:15]} f6 {[%clk 1:17:54]} 6. c4 {[%clk
1:22:48]} Nge7 {[%clk 1:15:29]} 7. fxe5 {[%clk 1:20:15]} fxe5 {[%clk 1:15:09]} 8.
Be2 {[%clk 1:16:50]} O-O {[%clk 1:15:06]} 9. O-O {[%clk 1:16:56]} d6 {[%clk
0:57:53]} 10. Nc3 {[%clk 1:15:51]} Bf5 {[%clk 0:56:43]} 11. e4 {[%clk 1:06:32]}
Bg4 {[%clk 0:54:08]} 12. Nd5 {[%clk 0:56:00]} Bxf3 {[%clk 0:35:17]} 13. Bxf3
{[%clk 0:51:52]} Nd4 {[%clk 0:33:20]} 14. Bg4 {[%clk 0:42:28]} Rxf1+ {[%clk
0:25:27]} 15. Qxf1 {[%clk 0:42:24]} c6 {[%clk 0:25:00]} 16. Nxe7+ {[%clk
0:36:38]} Qxe7 {[%clk 0:25:26]} 17. Qd3 {[%clk 0:33:33]} h5 {[%clk 0:19:51]} 18.
Bh3 {[%clk 0:28:57]} Rf8 {[%clk 0:20:16]} 19. Rf1 {[%clk 0:25:29]} Qg5 {[%clk
0:18:24]} 20. Bxd4 {[%clk 0:23:55]} exd4 {[%clk 0:17:44]} 21. Be6+ {[%clk
0:21:58]} Kh7 {[%clk 0:18:05]} 22. Rxf8 {[%clk 0:22:14]} Bxf8 {[%clk 0:18:30]}
23. Qxd4 {[%clk 0:19:06]} c5 {[%clk 0:17:46]} 24. Qd5 {[%clk 0:15:42]} Qxd5
{[%clk 0:18:00]} 25. Bxd5 {[%clk 0:16:06]} b6 {[%clk 0:18:27]} 26. Kf2 {[%clk
0:14:15]} 1/2-1/2

[Event "European Women's Championship"]
[Site "Vysoke Tatry"]
[Date "2018.04.12"]
[Round "5"]
[White "Kaliadzich, Maryia"]
[Black "Mikadze, Miranda"]
[Result "0-1"]
[Board "57"]
[WhiteElo "2078"]
[WhiteCountry "BLR"]
[WhiteFideId "13500015"]
[WhiteEloChange "-6"]
[BlackElo "2216"]
[BlackTitle "WGM"]
[BlackCountry "GEO"]
[BlackFideId "13603108"]
[BlackEloChange "6"]

1. d4 {[%clk 1:30:54]} d5 {[%clk 1:30:58]} 2. c4 {[%clk 1:31:18]} c6 {[%clk
1:31:27]} 3. Nf3 {[%clk 1:31:42]} Nf6 {[%clk 1:31:53]} 4. e3 {[%clk 1:32:07]} a6
{[%clk 1:32:15]} 5. a4 {[%clk 1:29:57]} e6 {[%clk 1:28:27]} 6. Bd3 {[%clk
1:27:38]} c5 {[%clk 1:28:20]} 7. O-O {[%clk 1:19:36]} Nc6 {[%clk 1:28:26]} 8. Nc3
{[%clk 1:17:12]} Be7 {[%clk 1:19:21]} 9. dxc5 {[%clk 1:02:51]} Bxc5 {[%clk
1:16:14]} 10. b3 {[%clk 1:02:21]} O-O {[%clk 1:16:21]} 11. Bb2 {[%clk 0:51:26]}
dxc4 {[%clk 1:11:53]} 12. bxc4 {[%clk 0:51:07]} b6 {[%clk 1:04:30]} 13. Ne4
{[%clk 0:46:18]} Nxe4 {[%clk 0:40:53]} 14. Bxe4 {[%clk 0:45:58]} Bd7 {[%clk
0:40:15]} 15. Ne5 {[%clk 0:31:08]} Nxe5 {[%clk 0:39:25]} 16. Bxe5 {[%clk
0:29:24]} Ra7 {[%clk 0:38:14]} 17. Qc2 {[%clk 0:18:33]} h6 {[%clk 0:33:50]} 18.
Qe2 {[%clk 0:16:32]} Qe7 {[%clk 0:30:46]} 19. Rfd1 {[%clk 0:14:24]} Rc8 {[%clk
0:27:04]} 20. Qf3 {[%clk 0:09:52]} Be8 {[%clk 0:23:08]} 21. Qg3 {[%clk 0:09:43]}
Qg5 {[%clk 0:22:43]} 22. Rd3 {[%clk 0:07:31]} Qxg3 {[%clk 0:23:07]} 23. Bxg3
{[%clk 0:06:33]} Be7 {[%clk 0:15:57]} 24. Rb3 {[%clk 0:02:23]} Rxc4 {[%clk
0:15:55]} 25. Bd3 {[%clk 0:02:10]} Rb4 {[%clk 0:11:03]} 26. Rxb4 {[%clk 0:02:37]}
Bxb4 {[%clk 0:11:30]} 27. Rc1 {[%clk 0:03:01]} Kf8 {[%clk 0:11:42]} 28. Rc4
{[%clk 0:00:38]} a5 {[%clk 0:11:04]} 29. Bc2 {[%clk 0:00:40]} Ke7 {[%clk
0:06:38]} 30. Kf1 {[%clk 0:00:46]} b5 {[%clk 0:06:58]} 31. Rc8 {[%clk 0:00:37]}
bxa4 {[%clk 0:06:35]} 32. Bb8 {[%clk 0:00:58]} Bb5+ {[%clk 0:06:22]} 33. Kg1
{[%clk 0:01:20]} Rd7 {[%clk 0:06:36]} 34. Rc7 {[%clk 0:01:35]} a3 {[%clk
0:05:06]} 35. Bb3 {[%clk 0:01:45]} a4 {[%clk 0:04:22]} 36. Ba2 {[%clk 0:02:13]}
Rxc7 {[%clk 0:03:21]} 37. Bxc7 {[%clk 0:02:41]} f6 {[%clk 0:03:06]} 38. Bb6
{[%clk 0:02:52]} Bd3 {[%clk 0:02:26]} 39. f4 {[%clk 0:02:48]} Bc2 {[%clk
0:02:27]} 40. Bd4 {[%clk 0:33:08]} Bb3 {[%clk 0:32:49]} 41. Bb1 {[%clk 0:33:32]}
a2 {[%clk 0:29:29]} 42. Bd3 {[%clk 0:30:55]} Bd2 {[%clk 0:29:18]} 43. Kf2 {[%clk
0:30:57]} Bc1 {[%clk 0:28:08]} 44. Ke2 {[%clk 0:30:44]} a3 {[%clk 0:27:29]} 0-1

[Event "European Women's Championship"]
[Site "Vysoke Tatry"]
[Date "2018.04.12"]
[Round "5"]
[White "Dwilewicz, Katarzyna"]
[Black "Bodnaruk, Anastasia"]
[Result "0-1"]
[Board "58"]
[WhiteElo "1967"]
[WhiteTitle "WFM"]
[WhiteCountry "POL"]
[WhiteFideId "1148486"]
[WhiteEloChange "-2"]
[BlackElo "2460"]
[BlackTitle "IM"]
[BlackCountry "RUS"]
[BlackFideId "4181751"]
[BlackEloChange "1"]

1. e4 {[%clk 1:30:57]} c5 {[%clk 1:30:52]} 2. Nf3 {[%clk 1:31:19]} d6 {[%clk
1:31:15]} 3. d4 {[%clk 1:31:43]} cxd4 {[%clk 1:31:33]} 4. Nxd4 {[%clk 1:32:07]}
Nf6 {[%clk 1:31:58]} 5. Nc3 {[%clk 1:32:31]} a6 {[%clk 1:32:26]} 6. Bg5 {[%clk
1:32:47]} Nbd7 {[%clk 1:31:54]} 7. f4 {[%clk 1:32:25]} Qc7 {[%clk 1:30:45]} 8.
Qf3 {[%clk 1:32:15]} g6 {[%clk 1:27:22]} 9. O-O-O {[%clk 1:30:38]} Bg7 {[%clk
1:27:39]} 10. Kb1 {[%clk 1:22:47]} O-O {[%clk 1:27:34]} 11. g3 {[%clk 1:12:27]}
e5 {[%clk 1:05:28]} 12. Nb3 {[%clk 1:10:53]} h6 {[%clk 0:35:59]} 13. Bh4 {[%clk
1:06:21]} b5 {[%clk 0:35:49]} 14. Bh3 {[%clk 0:59:02]} b4 {[%clk 0:30:22]} 15.
Bxd7 {[%clk 0:45:45]} bxc3 {[%clk 0:30:35]} 16. Bxc8 {[%clk 0:43:52]} Raxc8
{[%clk 0:31:01]} 17. fxe5 {[%clk 0:43:26]} cxb2 {[%clk 0:30:46]} 18. Rd2 {[%clk
0:43:48]} Ne8 {[%clk 0:26:23]} 19. Bf6 {[%clk 0:40:53]} dxe5 {[%clk 0:26:03]} 20.
Bxg7 {[%clk 0:41:09]} Kxg7 {[%clk 0:24:55]} 21. Rf1 {[%clk 0:39:57]} a5 {[%clk
0:15:16]} 22. a4 {[%clk 0:34:09]} Qc6 {[%clk 0:15:22]} 23. Kxb2 {[%clk 0:26:52]}
Qxa4 {[%clk 0:15:41]} 24. Ra1 {[%clk 0:27:05]} Qb4 {[%clk 0:15:13]} 25. c3 {[%clk
0:25:51]} Qb6 {[%clk 0:14:11]} 26. Kc2 {[%clk 0:22:15]} Nd6 {[%clk 0:12:47]} 27.
Nxa5 {[%clk 0:20:44]} Nb5 {[%clk 0:12:42]} 28. Qf2 {[%clk 0:17:57]} Rxc3+ {[%clk
0:12:22]} 29. Kd1 {[%clk 0:18:17]} Nd4 {[%clk 0:11:07]} 30. Rb2 {[%clk 0:16:27]}
Qd6 {[%clk 0:10:55]} 31. Nb7 {[%clk 0:16:40]} Qd7 {[%clk 0:10:40]} 32. Ke1 {[%clk
0:15:55]} Nf3+ {[%clk 0:07:19]} 33. Kf1 {[%clk 0:15:45]} Qh3+ {[%clk 0:07:39]}
34. Qg2 {[%clk 0:14:10]} Nxh2+ {[%clk 0:07:27]} 35. Kf2 {[%clk 0:13:54]} Ng4+
{[%clk 0:06:49]} 36. Ke1 {[%clk 0:14:08]} Qh5 {[%clk 0:04:36]} 37. Nd6 {[%clk
0:12:54]} Ne3 {[%clk 0:04:36]} 38. Qf2 {[%clk 0:10:08]} Qh1+ {[%clk 0:04:06]} 39.
Kd2 {[%clk 0:10:28]} Qxa1 {[%clk 0:04:22]} 0-1

[Event "European Women's Championship"]
[Site "Vysoke Tatry"]
[Date "2018.04.12"]
[Round "5"]
[White "Michna, Marta"]
[Black "Hereklioglu, Sude"]
[Result "1-0"]
[Board "59"]
[WhiteElo "2367"]
[WhiteTitle "WGM"]
[WhiteCountry "GER"]
[WhiteFideId "1106686"]
[WhiteEloChange "4"]
[BlackElo "2123"]
[BlackTitle "WFM"]
[BlackCountry "TUR"]
[BlackFideId "6359531"]
[BlackEloChange "-4"]

1. e4 {[%clk 1:30:59]} c5 {[%clk 1:30:52]} 2. Nc3 {[%clk 1:31:23]} e6 {[%clk
1:30:49]} 3. Nge2 {[%clk 1:31:46]} d5 {[%clk 1:30:11]} 4. exd5 {[%clk 1:32:03]}
exd5 {[%clk 1:30:33]} 5. d4 {[%clk 1:32:29]} Nf6 {[%clk 1:29:35]} 6. Bg5 {[%clk
1:32:10]} Be6 {[%clk 1:26:46]} 7. g3 {[%clk 1:28:15]} Nc6 {[%clk 1:22:50]} 8. Bg2
{[%clk 1:27:52]} cxd4 {[%clk 1:22:12]} 9. Nxd4 {[%clk 1:28:11]} Be7 {[%clk
1:19:31]} 10. O-O {[%clk 1:27:34]} O-O {[%clk 1:14:58]} 11. Nxe6 {[%clk 1:22:09]}
fxe6 {[%clk 1:14:47]} 12. Bh3 {[%clk 1:22:19]} Qb6 {[%clk 1:07:25]} 13. Bxe6+
{[%clk 1:21:34]} Kh8 {[%clk 1:07:47]} 14. Bxf6 {[%clk 1:18:52]} Bxf6 {[%clk
1:07:50]} 15. Nxd5 {[%clk 1:19:14]} Qxb2 {[%clk 1:07:56]} 16. Rb1 {[%clk
1:19:29]} Qe5 {[%clk 1:03:00]} 17. Re1 {[%clk 1:19:24]} Qd4 {[%clk 1:03:22]} 18.
c3 {[%clk 1:15:26]} Qc5 {[%clk 1:02:37]} 19. Re3 {[%clk 0:53:39]} b6 {[%clk
0:57:44]} 20. Nxf6 {[%clk 0:52:06]} Rxf6 {[%clk 0:57:33]} 21. Qd5 {[%clk
0:52:25]} Qxd5 {[%clk 0:56:24]} 22. Bxd5 {[%clk 0:52:51]} Rc8 {[%clk 0:55:09]}
23. Rbe1 {[%clk 0:53:08]} g6 {[%clk 0:53:27]} 24. Re8+ {[%clk 0:53:03]} Rxe8
{[%clk 0:53:48]} 25. Rxe8+ {[%clk 0:53:31]} Kg7 {[%clk 0:54:12]} 26. g4 {[%clk
0:38:49]} g5 {[%clk 0:50:48]} 27. Rg8+ {[%clk 0:38:55]} Kh6 {[%clk 0:51:02]} 28.
h4 {[%clk 0:39:12]} Rg6 {[%clk 0:48:57]} 29. Rxg6+ {[%clk 0:39:17]} Kxg6 {[%clk
0:49:21]} 30. h5+ {[%clk 0:39:40]} Kf6 {[%clk 0:49:47]} 31. Bxc6 {[%clk 0:40:08]}
1-0

[Event "European Women's Championship"]
[Site "Vysoke Tatry"]
[Date "2018.04.12"]
[Round "5"]
[White "Leite Oralova, Catarina"]
[Black "Balajayeva, Khanim"]
[Result "0-1"]
[Board "60"]
[WhiteElo "2134"]
[WhiteTitle "WIM"]
[WhiteCountry "POR"]
[WhiteFideId "1901222"]
[WhiteEloChange "-5"]
[BlackElo "2348"]
[BlackTitle "WFM"]
[BlackCountry "AZE"]
[BlackFideId "13406396"]
[BlackEloChange "5"]

1. e4 {[%clk 1:30:57]} e5 {[%clk 1:30:57]} 2. Nf3 {[%clk 1:31:17]} Nc6 {[%clk
1:31:23]} 3. Bc4 {[%clk 1:31:36]} Bc5 {[%clk 1:31:34]} 4. O-O {[%clk 1:31:12]}
Nf6 {[%clk 1:31:49]} 5. d3 {[%clk 1:31:36]} d6 {[%clk 1:32:09]} 6. c3 {[%clk
1:31:05]} a6 {[%clk 1:30:45]} 7. Bb3 {[%clk 1:29:23]} Ba7 {[%clk 1:27:12]} 8.
Nbd2 {[%clk 1:24:39]} h6 {[%clk 1:24:08]} 9. Nc4 {[%clk 1:17:31]} O-O {[%clk
1:22:22]} 10. Ne3 {[%clk 1:12:01]} Be6 {[%clk 1:21:24]} 11. Re1 {[%clk 0:59:20]}
Re8 {[%clk 1:16:37]} 12. h3 {[%clk 0:50:39]} Qd7 {[%clk 1:01:58]} 13. Bxe6 {[%clk
0:36:54]} fxe6 {[%clk 1:01:33]} 14. Ng4 {[%clk 0:36:50]} Nxg4 {[%clk 0:50:55]}
15. hxg4 {[%clk 0:37:18]} Qf7 {[%clk 0:47:35]} 16. g5 {[%clk 0:26:51]} hxg5
{[%clk 0:41:36]} 17. Bxg5 {[%clk 0:27:19]} Rf8 {[%clk 0:41:56]} 18. Be3 {[%clk
0:23:57]} Bxe3 {[%clk 0:41:51]} 19. Rxe3 {[%clk 0:24:06]} Ne7 {[%clk 0:35:56]}
20. Qe2 {[%clk 0:22:32]} Qf6 {[%clk 0:33:44]} 21. Rf1 {[%clk 0:18:33]} Ng6 {[%clk
0:32:40]} 22. Nh2 {[%clk 0:18:34]} Nf4 {[%clk 0:30:57]} 23. Qg4 {[%clk 0:18:56]}
Qh6 {[%clk 0:30:12]} 24. Nf3 {[%clk 0:09:11]} Rf6 {[%clk 0:22:50]} 25. Qh4 {[%clk
0:08:11]} Qg6 {[%clk 0:20:57]} 26. Ng5 {[%clk 0:07:46]} Raf8 {[%clk 0:20:34]} 27.
g3 {[%clk 0:05:32]} Qxg5 {[%clk 0:20:21]} 0-1

[Event "European Women's Championship"]
[Site "Vysoke Tatry"]
[Date "2018.04.12"]
[Round "5"]
[White "Arda, Cagil Irmak"]
[Black "Zpevakova, Jana"]
[Result "1-0"]
[Board "61"]
[WhiteElo "2199"]
[WhiteTitle "WFM"]
[WhiteCountry "TUR"]
[WhiteFideId "6351700"]
[WhiteEloChange "7"]
[BlackElo "2106"]
[BlackCountry "CZE"]
[BlackFideId "334030"]
[BlackEloChange "-7"]

1. d4 {[%clk 1:30:27]} d5 {[%clk 1:30:37]} 2. Nf3 {[%clk 1:30:47]} Nf6 {[%clk
1:30:48]} 3. c4 {[%clk 1:31:05]} e6 {[%clk 1:30:51]} 4. Nc3 {[%clk 1:31:17]} dxc4
{[%clk 1:30:39]} 5. e3 {[%clk 1:31:26]} a6 {[%clk 1:30:08]} 6. Bxc4 {[%clk
1:31:05]} b5 {[%clk 1:29:47]} 7. Be2 {[%clk 1:29:33]} Bb7 {[%clk 1:28:45]} 8. Qc2
{[%clk 1:28:47]} Nbd7 {[%clk 1:24:41]} 9. O-O {[%clk 1:25:59]} c5 {[%clk
1:23:34]} 10. a3 {[%clk 1:22:15]} Bd6 {[%clk 1:20:23]} 11. dxc5 {[%clk 1:18:50]}
Nxc5 {[%clk 1:17:48]} 12. b4 {[%clk 1:15:10]} Nce4 {[%clk 1:15:51]} 13. Bb2
{[%clk 1:13:37]} Rc8 {[%clk 1:10:33]} 14. Qb3 {[%clk 1:12:03]} O-O {[%clk
1:05:55]} 15. Rac1 {[%clk 1:07:18]} Qe7 {[%clk 1:03:24]} 16. Qa2 {[%clk 1:00:05]}
Nxc3 {[%clk 0:59:48]} 17. Bxc3 {[%clk 0:59:56]} e5 {[%clk 1:00:02]} 18. Qb2
{[%clk 0:52:21]} Rfe8 {[%clk 0:57:46]} 19. Rfd1 {[%clk 0:46:37]} Nd5 {[%clk
0:54:53]} 20. Be1 {[%clk 0:44:13]} Qf6 {[%clk 0:46:32]} 21. Nd2 {[%clk 0:41:16]}
Qg6 {[%clk 0:43:37]} 22. Bf3 {[%clk 0:31:59]} Rxc1 {[%clk 0:39:27]} 23. Rxc1
{[%clk 0:32:16]} e4 {[%clk 0:36:20]} 24. Bd1 {[%clk 0:31:32]} Be5 {[%clk
0:34:38]} 25. Qb3 {[%clk 0:31:40]} Nf6 {[%clk 0:27:27]} 26. Qa2 {[%clk 0:27:13]}
Bd6 {[%clk 0:25:19]} 27. Nf1 {[%clk 0:24:08]} h5 {[%clk 0:23:11]} 28. Bc3 {[%clk
0:18:33]} Ng4 {[%clk 0:21:11]} 29. Bb3 {[%clk 0:14:36]} Ne5 {[%clk 0:19:11]} 30.
Bxe5 {[%clk 0:13:04]} Rxe5 {[%clk 0:18:47]} 31. Rd1 {[%clk 0:13:19]} Be7 {[%clk
0:16:01]} 32. Rd7 {[%clk 0:12:03]} Bc8 {[%clk 0:15:29]} 33. Ra7 {[%clk 0:11:59]}
Kh7 {[%clk 0:10:24]} 34. Rc7 {[%clk 0:09:20]} Bg4 {[%clk 0:08:47]} 35. Bxf7
{[%clk 0:05:28]} Qg5 {[%clk 0:08:20]} 36. Bb3 {[%clk 0:05:38]} h4 {[%clk
0:07:45]} 37. Bg8+ {[%clk 0:03:17]} Kh6 {[%clk 0:07:50]} 38. Rc6+ {[%clk
0:03:30]} Bf6 {[%clk 0:07:46]} 39. Be6 {[%clk 0:02:32]} Bf3 {[%clk 0:04:39]} 40.
Bh3 {[%clk 0:31:52]} Qg6 {[%clk 0:31:01]} 41. Rc8 {[%clk 0:25:57]} Bh5 {[%clk
0:24:58]} 42. Rh8+ {[%clk 0:23:55]} Kg5 {[%clk 0:25:24]} 43. Qd2 {[%clk 0:23:21]}
Qf7 {[%clk 0:17:39]} 44. f4+ {[%clk 0:21:24]} exf3 {[%clk 0:18:03]} 45. e4+
{[%clk 0:21:48]} Kg6 {[%clk 0:18:12]} 46. Bf5+ {[%clk 0:22:09]} Rxf5 {[%clk
0:18:34]} 47. exf5+ {[%clk 0:22:35]} Kxf5 {[%clk 0:18:56]} 48. Qd3+ {[%clk
0:21:00]} Ke6 {[%clk 0:13:51]} 49. Qb3+ {[%clk 0:21:25]} Kd6 {[%clk 0:13:34]} 50.
Qxf7 {[%clk 0:19:34]} Bd4+ {[%clk 0:13:25]} 51. Kh1 {[%clk 0:19:50]} fxg2+ {[%clk
0:13:47]} 52. Kxg2 {[%clk 0:20:15]} Bxf7 {[%clk 0:14:14]} 53. Nd2 {[%clk
0:14:52]} Bd5+ {[%clk 0:13:39]} 54. Kf1 {[%clk 0:11:41]} Bf6 {[%clk 0:12:01]} 55.
Ke2 {[%clk 0:09:53]} g5 {[%clk 0:11:48]} 56. Rh7 {[%clk 0:05:46]} g4 {[%clk
0:08:56]} 57. Ra7 {[%clk 0:02:47]} g3 {[%clk 0:08:43]} 58. Rxa6+ {[%clk 0:02:35]}
Ke5 {[%clk 0:07:32]} 59. hxg3 {[%clk 0:02:46]} h3 {[%clk 0:06:46]} 60. Nf3+
{[%clk 0:02:37]} Kf5 {[%clk 0:06:33]} 61. g4+ {[%clk 0:02:50]} Kg6 {[%clk
0:05:19]} 62. g5 {[%clk 0:02:39]} h2 {[%clk 0:03:42]} 63. Rxf6+ {[%clk 0:02:42]}
1-0